| 000 | 00760nam a2200217 a 4500 | ||
|---|---|---|---|
| 001 | 000024202 | ||
| 005 | 20200930022814.0 | ||
| 008 | 110120s1967 sp r 000 0 spa d | ||
| 040 |
_aDO-SdBNP _bspa _cBNPHU |
||
| 082 |
_a843.7 _bS825L |
||
| 100 | 1 |
_aStendhal, _q(Marie-Henri Beyle), _d1783-1842. _914223 |
|
| 245 | 1 | 0 |
_aLuciano Leuwen / _cHenri Beyle Standhal ; traducción, prólogo y notas de Consuelo Berges. |
| 260 |
_aMadrid : _bAlianza Editorial, _c1967. |
||
| 300 |
_a504, [24] p. ; _c18 cm. |
||
| 490 | 1 |
_aEl Libro de Bolsillo. Clásicos _v64 |
|
| 650 | 4 |
_aNovela francesa _91075 |
|
| 650 | 4 |
_aLiteratura francesa _ySIGLO XIX _95031 |
|
| 700 | 1 |
_aBerges, Consuelo _etr. _913601 |
|
| 830 | 0 |
_aEl Libro de Bolsillo. Clásicos ; _v64 _945775 |
|
| 049 | _aBNGR | ||
| 999 |
_c23696 _d23696 |
||